000 00468nam a2200157 4500
999 _c5395
_d5395
008 161024b xxu||||| |||| 00| 0 eng d
022 _a9770118389007
082 _aDPer 641.05 F73 Mar-Nov 2012
100 _916654
_aOzaeta, Anne Marie
245 _aThe amazing edamame/
_cAnne Marie Ozaeta.
260 _aQuezon City:
_bABS CBN Publishing, Inc.,
_c©2012.
300 _apages 78-79;
_c30 cm.
500 _aFood.
650 0 _916655
_aFood
942 _2ddc
_cPER